000 01033cam a22002413a 4500
001 1295
003 PGUSA
005 20140828082959.0
008 980401s1998||||xxu|||||s|||||000 e eng d
040 _aPGUSA
_beng
042 _adc
050 4 _aPR
100 1 _aMeynell, Alice,
_d1847-1922
245 1 0 _aCeres' Runaway, and Other Essays
_h[electronic resource] /
_cAlice Meynell
260 _bProject Gutenberg,
_c1998
505 0 _aCeres' runaway -- A vanquished man -- A northern fancy -- Laughter -- Harlequin Mercutio -- The little language -- Anima Pellegrina! -- The sea wall -- The daffodil -- Addresses -- The audience -- Tithonus -- The tow path -- The tethered constellations -- Popular burlesque -- Dry autumn -- The plaid -- Two burdens -- The unready -- The child of tumult -- The child of subsiding tumult.
506 _aPublic domain in the USA.
516 _aElectronic text
653 _aEnglish essays
830 0 _aProject Gutenberg
_v1295
856 4 0 _uhttp://www.gutenberg.org/ebooks/1295
942 _cEB
999 _c230643
_d230643